An essay on the psychology of invention in the mathematical field
Αποθηκεύτηκε σε:
| Κύριος συγγραφέας: | |
|---|---|
| Μορφή: | Βιβλίο |
| Γλώσσα: | English |
| Δημοσίευση: |
Princeton :
Princeton University Press,
c1945, (printing 1949)
|
| Θέματα: | |
| Ετικέτες: |
Προσθήκη ετικέτας
Δεν υπάρχουν, Καταχωρήστε ετικέτα πρώτοι!
|
MARC
| LEADER | 00000cam a2200000 i 4500 | ||
|---|---|---|---|
| 001 | 1/5437 | ||
| 008 | 100309r19491945 eng d | ||
| 035 | |l 10107161 | ||
| 040 | |a GR-MY-UA |b gre |e aacr | ||
| 041 | 0 | |a eng | |
| 082 | 0 | |a 510.1 |2 (22) | |
| 100 | 1 | |a Hadamard, Jacques |d 1865-1963. | |
| 245 | 1 | 3 | |a An essay on the psychology of invention in the mathematical field / |c Jacques Hadamard |
| 246 | 3 | 3 | |a The psychology of invention in the mathematical field |
| 260 | |a Princeton : |b Princeton University Press, |c c1945, (printing 1949) | ||
| 300 | |a xiii, 145 σ.; |c 21 εκ. | ||
| 650 | 0 | 0 | |a Inventions. |
| 650 | 0 | 0 | |a Mathematics |x Philosophy. |
| 650 | 0 | 0 | |a Mathematicians |x Psychology. |
| 650 | 0 | 0 | |a Psychology. |
| 852 | |a INST |b SAMOS |c MAG |e 20100309 |h 510.1 HAD |p 005300032232 |q 005300032232 |t BK |y 0 | ||
| 901 | |a BIBL3-2010-1 | ||
| 909 | |a Σ |b 161979 | ||
| 970 | |a ΡΟΥΣΣΟΥ |b ΚΩΝΣΤΑΝΤΙΝΑ |z 2010/03/08 | ||